NFL logos but poorly drawn - Statistics

General Stats
  • This quiz has been taken 355 times
  • The average score is 30 of 32
Answer Stats
Picture Answer % Correct
Bills
100%
Chiefs
100%
Dolphins
99%
Jets
99%
Steelers
98%
Vikings
98%
Commanders
97%
Cowboys
97%
Cardinals
95%
Raiders
95%
Rams
95%
Saints
95%
Chargers
94%
Patriots
94%
Bears
93%
Buccaneers
93%
Giants
93%
Packers
93%
49ers
92%
Eagles
92%
Panthers
92%
Ravens
92%
Broncos
91%
Browns
91%
Colts
91%
Texans
91%
Titans
91%
Jaguars
89%
Bengals
87%
Falcons
87%
Seahawks
78%
Lions
76%
No matching quizzes found
Score Distribution
Percent of People with Each Score
Percentile by Number Answered
Your Score History
You have not taken this quiz